LEADER 00873nam a2200229 i 4500 001 000000138815 003 CaOOAMICUS 005 20050511000000.0 008 050511s1972 it u000 u ita u 013 $a112770 040 $aSeMil$bita 100 1 $aGioanola, Elio,$d<1934- >.$0(OLS)http://semarc/name/10541 245 10$aCesare Pavese :$bla poetica dell'essere /$cElio Gioanola. 250 $a2. Ed. 260 $aMilano :$bMarzorati,$ccopyr. 1972. 300 $a397 p. ;$c23 cm. 600 14$aPavese, Cesare <1908-1950>.$0(OLS)http://semarc/subject/11373 850 $aSeMil 852 $aSeMil$W1$xVenegono$y1$m1B V 44$j92257$B92257$CSeMilBibl$Z2$F97402 $81 961 $aOmaggio: Poma mons. Gianfranco 996 $6245$aCesare Pavese :$bla poetica dell'essere$9(OLS)http://semarc/title/202896 996 $6260$aMilano :$bMarzorati$9(OLS)http://semarc/publisher/29683 LEADER 01330nam a2200253 i 4500 001 000000189470 003 CaOOAMICUS 005 20240924125253.0 008 100510s1971 fr u000 u fre u 013 $a167744 040 $aSeMil$bita 100 1 $aDoignon, Jean.$0(OLS)http://semarc/name/8769 245 10$aHilaire de Poitiers avant l'exil :$brecherches sur la naissance, l'enseignement et l'épreuve d'une foi épiscopale en Gaule au milieu du 4. siècle /$cJean Doignon. 260 $aParis :$bÉtudes Augustiniennes,$c1971. 300 $a667 p. ;$c25 cm. 490 0 $aCollection d'Études augustiniennes. Série antiquité 600 04$aIlario : di Poitiers .$0(OLS)http://semarc/subject/6166 650 4$aChiesa - Francia - Storia - Sec. 4.$0(OLS)http://semarc/subject/7549 830 0$aCollection d'Études augustiniennes. Série antiquité.$0(OLS)http://semarc/title/9394 850 $aSeMil 852 $aSeMil$W1$xVenegono$y1$m2T V 186$j140101$B140101$CSeMilBibl$Z2$F151700 $81 996 $6245$aHilaire de Poitiers avant l'exil :$brecherches sur la naissance, l'enseignement et l'épreuve d'une foi épiscopale en Gaule au milieu du 4. siècle$9(OLS)http://semarc/title/272784 996 $6260$aParis :$bÉtudes Augustiniennes$9(OLS)http://semarc/publisher/30131